| 000 | 00365nam a2200133Ia 4500 | ||
|---|---|---|---|
| 008 | 231017s9999 xx 000 0 und d | ||
| 082 | _a624.164 | ||
| 082 | _bELI | ||
| 245 | 0 | _aDesign and Construction of Mechanically Stabilized Earth Walls and Reinforced Soil Slopes Vol-1 | |
| 245 | 0 | _cRyan R. Berg | |
| 260 | _bRyan R. Berg | ||
| 300 | _c30cm | ||
| 942 | _cREP | ||
| 999 |
_c603865 _d603865 |
||